000
00303nam a22001337a 4500
020
_a
978-81-7223-489-8
082
_a
823
_b
SHE/M
100
_a
SHELDON,SIDNEY
245
_a
MEMORIES OF MIDNIGHT
260
_a
NEW YORK
_b
HARPPER COLLINS
300
_a
290
650
_a
NOVEL ENGLISH
_z
NEW YORK
942
_c
BK
999
_c
3291
_d
3291